[Event "Ä13Â"]
[Site "Loo"]
[Date "2017.04.27"]
[Round "8.16"]
[White "Ïîðòíîâà, Êñåíèÿ."]
[Black "Ãðàíêèíà, Àëèñà."]
[Result "0-1"]
[WhiteElo "1510"]
[BlackElo "1585"]
[PlyCount "66"]
[EventDate "2017.04.20"]

1. d4 d5 2. Bf4 c5 3. e3 Nc6 4. c3 Qb6 5. Qc2 Nf6 6. Bd3 c4 7. Be2 Bf5 8. Qc1
Qd8 9. Nd2 b5 10. b3 e6 11. Ngf3 h6 12. h3 Be7 13. O-O O-O 14. Qb2 Qa5 15. a4
b4 16. Rfc1 bxc3 17. Rxc3 Bb4 18. Rac1 Bxc3 19. Rxc3 Qb4 20. Qc1 Na5 21. bxc4
dxc4 22. Nxc4 Nd5 23. Ra3 Nxc4 24. Bxc4 Rac8 25. Nd2 Rxc4 26. Nxc4 Rc8 27. e4
Rxc4 28. Qa1 Nxf4 29. exf5 Rc1+ 30. Qxc1 Ne2+ 31. Kh2 Nxc1 32. Rf3 exf5 33.
Rxf5 Qxd4 0-1

[Event "Ä13Â"]
[Site "Loo"]
[Date "2017.04.27"]
[Round "8.17"]
[White "Ìåëåí÷óê, Îëüãà."]
[Black "Çàâèâàåâà, Ýìèëèÿ."]
[Result "1/2-1/2"]
[WhiteElo "1631"]
[BlackElo "1490"]
[PlyCount "203"]
[EventDate "2017.04.20"]

1. Nf3 Nf6 2. c4 c5 3. Nc3 b6 4. g3 Bb7 5. Bg2 e6 6. O-O Be7 7. d4 O-O 8. d5
exd5 9. cxd5 d6 10. e4 Nbd7 11. Bf4 Qc7 12. Re1 a6 13. e5 dxe5 14. Nxe5 Bd6 15.
Nxd7 Qxd7 16. Ne4 Nxe4 17. Bxe4 Bxf4 18. gxf4 Rad8 19. Qd3 h6 20. Rad1 Qd6 21.
f5 Rfe8 22. Re3 Re5 23. f4 Re7 24. Qf1 Rde8 25. Qf3 c4 26. Kh1 Bc8 27. Rde1 Bb7
28. Rd1 b5 29. a3 Bc8 30. f6 Qxf6 31. d6 Rd7 32. Bc6 Rxe3 33. Qxe3 Rd8 34. Qe5
Bf5 35. Qxf6 gxf6 36. d7 Kf8 37. Kg1 Be6 38. a4 b4 39. Kf2 Ke7 40. Ke3 Bxd7 41.
Bxd7 Rxd7 42. Rxd7+ Kxd7 43. Kd4 Ke6 44. Kxc4 Kf5 45. Kxb4 Kxf4 46. Kc4 Ke3 47.
b4 f5 48. b5 axb5+ 49. axb5 f4 50. b6 f3 51. b7 f2 52. b8=Q f1=Q+ 53. Kd5 Qg2+
54. Kc5 Qg5+ 55. Kc6 Qg2+ 56. Kc5 Qc2+ 57. Kd5 Qe4+ 58. Kc5 Qd4+ 59. Kc6 Qe4+
60. Kd7 Qe6+ 61. Kd8 Qf6+ 62. Kd7 Qe6+ 63. Kd8 Ke4 64. Qb1+ Ke5 65. Qe1+ Kf6
66. Qh4+ Kg7 67. Qb4 Qf6+ 68. Ke8 Qc6+ 69. Kd8 Qa8+ 70. Kd7 Qd5+ 71. Kc8 Qe6+
72. Kd8 f5 73. Qb7+ Qf7 74. Qg2+ Kf8 75. Qb2 Qe7+ 76. Kc8 Qc5+ 77. Kd8 Qd6+ 78.
Kc8 Qa6+ 79. Kd8 Qa8+ 80. Kc7 Qa7+ 81. Kc8 Qc5+ 82. Kd8 Qd6+ 83. Kc8 Qe6+ 84.
Kd8 Qe8+ 85. Kc7 Qf7+ 86. Kd8 Qd5+ 87. Kc8 Qa8+ 88. Kc7 Qa5+ 89. Kc8 Qa6+ 90.
Kc7 Qc4+ 91. Kd8 Qd5+ 92. Kc8 Qc5+ 93. Kd8 Qd5+ 94. Kc8 Qc4+ 95. Kd8 Qd5+ 96.
Kc8 Qe6+ 97. Kd8 Qe8+ 98. Kc7 Qf7+ 99. Kd8 Qe7+ 100. Kc8 Qe8+ 101. Kc7 Qf7+
102. Kd8 1/2-1/2

[Event "Ä13Â"]
[Site "Loo"]
[Date "2017.04.27"]
[Round "8.18"]
[White "Áîíäàðåâà, Äàðüÿ."]
[Black "Íèêóëèíà, Àíàñòàñèÿ."]
[Result "1-0"]
[WhiteElo "1778"]
[BlackElo "1562"]
[PlyCount "91"]
[EventDate "2017.04.20"]

1. e4 c5 2. Nc3 Nc6 3. g3 Nf6 4. Bg2 g6 5. d3 Bg7 6. f4 O-O 7. Nf3 d5 8. e5 Ne8
9. O-O f6 10. exf6 Nxf6 11. Re1 a6 12. a4 Re8 13. h3 Qb6 14. Kh2 d4 15. Ne4
Nxe4 16. Rxe4 Bf5 17. Re1 e5 18. Nh4 Rf8 19. Nxf5 Rxf5 20. b3 exf4 21. Bxf4
Rff8 22. Qg4 Nb4 23. Re6 Qd8 24. Re2 Ra7 25. Qe6+ Kh8 26. Bd6 b6 27. Bxf8 Bxf8
28. Rf1 Qb8 29. Qe8 Qxe8 30. Rxe8 Kg7 31. Rexf8 Nxc2 32. Bd5 Ne3 33. R1f7+ Rxf7
34. Rxf7+ Kg8 35. Rd7+ Kf8 36. Bc4 Nf1+ 37. Kg2 Ne3+ 38. Kf3 h6 39. Rb7 b5 40.
axb5 axb5 41. Rxb5 Ke7 42. Rxc5 Kd6 43. Rc8 Nf5 44. Rf8 Kc5 45. Rxf5+ gxf5 46.
Kf4 1-0

[Event "Ä13Â"]
[Site "Loo"]
[Date "2017.04.27"]
[Round "8.19"]
[White "×åðåïàíîâà, Ýâèòà."]
[Black "Ðåãåð, Âàëåðèÿ."]
[Result "1-0"]
[WhiteElo "1612"]
[BlackElo "1388"]
[PlyCount "141"]
[EventDate "2017.04.20"]

1. e4 e6 2. d4 d5 3. Nd2 Bd7 4. Ngf3 Ne7 5. Bd3 Ng6 6. g3 Be7 7. O-O O-O 8. c4
c6 9. Qb3 dxe4 10. Nxe4 Qc7 11. Be3 b6 12. Rfd1 f5 13. Ned2 Kh8 14. Bg5 Bxg5
15. Nxg5 h6 16. Ngf3 Rf6 17. Re1 c5 18. Rac1 Qd6 19. Qa3 Nc6 20. Rcd1 e5 21.
dxe5 Ngxe5 22. Bf1 Qc7 23. Bg2 Re8 24. Qc3 Rfe6 25. a3 a5 26. Nh4 Nd4 27. Bd5
Rf6 28. Nhf3 Nexf3+ 29. Bxf3 Rfe6 30. Rxe6 Rxe6 31. Qd3 Qe5 32. h3 h5 33. Bxh5
Rh6 34. Nf3 Nxf3+ 35. Bxf3 Be6 36. Kg2 f4 37. g4 Bf7 38. Qd8+ Kh7 39. Qd3+ Bg6
40. Qe2 Qf6 41. Be4 Qh4 42. Bxg6+ Rxg6 43. Qf3 Qf6 44. Rd2 Qf7 45. Rc2 Qf6 46.
Rc3 Qd6 47. Qd5 Qf6 48. Rc2 Qe7 49. Qh5+ Rh6 50. Qf5+ Kg8 51. Qxf4 Rf6 52. Qe3
Re6 53. Qd3 Rd6 54. Qf5 Rf6 55. Qd5+ Kh8 56. Rd2 Kh7 57. Qd3+ Kg8 58. Re2 Qb7+
59. Qe4 Qc7 60. Qe8+ Rf8 61. Qe6+ Kh7 62. Re5 Qb7+ 63. Qd5 Qxd5+ 64. Rxd5 Rf6
65. f3 Rf4 66. b3 Kg8 67. Kg3 Rf6 68. f4 Kf7 69. f5 g6 70. Kf4 gxf5 71. Rxf5
1-0

[Event "Ä13Â"]
[Site "Loo"]
[Date "2017.04.27"]
[Round "8.21"]
[White "Ôåäîðè÷åâà, Åêàòåðèíà."]
[Black "Ñóðîâöåâà, Àëèñà."]
[Result "1/2-1/2"]
[WhiteElo "1482"]
[BlackElo "1601"]
[PlyCount "116"]
[EventDate "2017.04.20"]

1. e4 e5 2. Nf3 Nc6 3. Bc4 Nf6 4. Ng5 d5 5. exd5 b5 6. Bf1 Nd4 7. c3 Nxd5 8.
cxd4 Qxg5 9. Bxb5+ Kd8 10. O-O Bb7 11. Qf3 Rb8 12. dxe5 Ne3 13. Qh3 Qxg2+ 14.
Qxg2 Nxg2 15. d4 Be7 16. Be3 Nh4 17. d5 Nf3+ 18. Kg2 Nxe5 19. Nc3 Bxd5+ 20.
Nxd5 Rxb5 21. Nxe7 Kxe7 22. Bxa7 Ra8 23. Bd4 Nd3 24. b3 Rd8 25. Be3 Rbd5 26. a4
Nb4 27. Rfc1 Na6 28. Rc6 R8d6 29. Rxd6 Kxd6 30. Bf4+ Kd7 31. Kf3 Rd3+ 32. Be3
Rxb3 33. Rd1+ Kc8 34. Ra1 c6 35. Rc1 Kc7 36. Kg2 Ra3 37. Rc4 Ra2 38. Kg3 Rb2
39. Bf4+ Kb6 40. Be3+ c5 41. Rf4 f6 42. Rh4 h6 43. Rg4 g5 44. Re4 f5 45. Re6+
Ka5 46. f4 c4 47. fxg5 hxg5 48. Bxg5 Nc5 49. Re5 Kb6 50. Be3 Rb3 51. Kf4 Rxe3
52. Rxe3 Nxa4 53. Kxf5 c3 54. h4 c2 55. Re1 Nc5 56. h5 Nd3 57. Rf1 Nf2 58. h6
Nd1 1/2-1/2

[Event "Ä13Â"]
[Site "Loo"]
[Date "2017.04.27"]
[Round "8.22"]
[White "Êðàìàðåíêî, Åëåíà."]
[Black "Öàìàëàèäçå, Ëèàíà."]
[Result "1-0"]
[WhiteElo "1527"]
[BlackElo "1349"]
[PlyCount "73"]
[EventDate "2017.04.20"]

1. e4 c5 2. Nf3 g6 3. d4 Bg7 4. Be3 Nc6 5. Nc3 Qb6 6. Nd5 Qa5+ 7. c3 cxd4 8.
Nxd4 e6 9. Nb3 Qd8 10. Nf4 Nf6 11. f3 O-O 12. Be2 d6 13. Qd2 Re8 14. O-O-O Bf8
15. h4 a5 16. h5 a4 17. Na1 e5 18. Nd5 Nxd5 19. exd5 Ne7 20. g4 Qa5 21. hxg6
fxg6 22. Bh6 b5 23. Qg5 Bb7 24. Bxf8 Kxf8 25. Rxh7 Ng8 26. Rxb7 a3 27. b4 Qa6
28. Rxb5 Rec8 29. Kc2 Qa4+ 30. Nb3 Qa6 31. Bd3 Qa7 32. Qxg6 Qc7 33. c4 Ne7 34.
Qf6+ Ke8 35. Rh1 Rab8 36. Rh8+ Kd7 37. Qe6# 1-0

[Event "Ä13Â"]
[Site "Loo"]
[Date "2017.04.27"]
[Round "8.23"]
[White "Êóäðÿâöåâà, Àíàñòàñèÿ."]
[Black "Ãðèãîðÿí, Ñîíà."]
[Result "1/2-1/2"]
[WhiteElo "1413"]
[BlackElo "1527"]
[PlyCount "91"]
[EventDate "2017.04.20"]

1. d4 d5 2. Nf3 Nf6 3. Bg5 Bg4 4. e3 e6 5. Bd3 c5 6. c3 Nc6 7. Nbd2 cxd4 8.
exd4 Bd6 9. h3 Bh5 10. O-O O-O 11. Qc2 h6 12. Bh4 Bxf3 13. Nxf3 Rc8 14. Qd2 Be7
15. Rae1 Ne4 16. Bxe4 Bxh4 17. Bd3 Bf6 18. Ne5 Nxe5 19. dxe5 Bg5 20. f4 Bh4 21.
Rd1 Qb6+ 22. Kh2 Rfd8 23. Qe2 g6 24. Qg4 Be7 25. f5 exf5 26. Bxf5 Rc4 27. Rd4
Rxd4 28. cxd4 Bf8 29. e6 g5 30. exf7+ Kg7 31. h4 Be7 32. h5 Bf6 33. Be6 Qxd4
34. Qxd4 Bxd4 35. Bxd5 Bxb2 36. Bxb7 Ba3 37. Rf3 Rd7 38. Be4 Bd6+ 39. Kg1 Rxf7
40. Rxf7+ Kxf7 41. g4 Ke6 42. Kf2 Bc5+ 43. Ke2 Ke5 44. Kd3 a5 45. a4 Bb4 46.
Bc6 1/2-1/2

[Event "Ä13Â"]
[Site "Loo"]
[Date "2017.04.27"]
[Round "8.24"]
[White "Èçáåêîâà, Åâäîêèÿ."]
[Black "Äîðîõèíà, Åëèçàâåòà."]
[Result "1-0"]
[WhiteElo "1518"]
[BlackElo "1452"]
[PlyCount "121"]
[EventDate "2017.04.20"]

1. e4 c5 2. Nf3 d6 3. d4 cxd4 4. Nxd4 Nf6 5. Nc3 a6 6. Bg5 e6 7. f4 h6 8. Bh4
Nc6 9. Bf2 Be7 10. Qf3 Qc7 11. h3 Bd7 12. O-O-O Rc8 13. g4 b5 14. Bd3 g6 15. f5
Nxd4 16. Bxd4 e5 17. Be3 Bc6 18. fxg6 fxg6 19. Nd5 Nxd5 20. exd5 Bd7 21. Bxg6+
Kd8 22. Rhf1 Be8 23. Bd3 Qb7 24. Qe4 Qc7 25. Rf3 Bg5 26. Bxg5+ hxg5 27. Rdf1
Qe7 28. Qe3 Qg7 29. Qb6+ Qc7 30. Qxa6 Qc5 31. Rf6 Rxh3 32. Qxd6+ Qxd6 33. Rxd6+
Kc7 34. Re6 Kb7 35. Rxe5 Rxd3 36. Rxe8 Rxd5 37. Rxc8 Kxc8 38. c3 Kb7 39. Kc2
Ka6 40. Rf6+ Kb7 41. Kb3 Rc5 42. Kb4 Re5 43. b3 Kc7 44. c4 bxc4 45. Kxc4 Re4+
46. Kc5 Rxg4 47. Rf7+ Kb8 48. a4 Rg3 49. b4 g4 50. Kb6 Rc3 51. a5 g3 52. a6 Rc8
53. Rg7 Ka8 54. Rxg3 Rb8+ 55. Ka5 Ka7 56. Rg7+ Ka8 57. b5 Rc8 58. b6 Rc5+ 59.
Kb4 Rc8 60. b7+ Ka7 61. bxc8=Q+ 1-0

[Event "Ä13Â"]
[Site "Loo"]
[Date "2017.04.27"]
[Round "8.25"]
[White "Êîìëåâà, Àííà."]
[Black "Ðàçóâàåâà, Åêàòåðèíà."]
[Result "0-1"]
[WhiteElo "1472"]
[BlackElo "1270"]
[PlyCount "142"]
[EventDate "2017.04.20"]

1. e4 d6 2. d4 Nf6 3. Nc3 g6 4. Nf3 Bg4 5. Be3 Bg7 6. h3 Bxf3 7. Qxf3 c6 8. Bc4
Nbd7 9. O-O-O O-O 10. e5 dxe5 11. dxe5 Nd5 12. Bxd5 cxd5 13. Qxd5 Nxe5 14. Qxb7
Qb8 15. Qxb8 Rfxb8 16. Bf4 Rb7 17. b3 h6 18. Rhe1 Nc6 19. Nd5 e6 20. Ne3 Bc3
21. Re2 Nd4 22. Rxd4 Bxd4 23. Bxh6 a5 24. a3 Bxe3+ 25. Rxe3 Rc7 26. Bf4 Rc6 27.
c4 a4 28. Kb2 axb3 29. Kxb3 Rca6 30. Kb2 Rb6+ 31. Ka2 Rb4 32. Rc3 Raa4 33. Bd6
Rxc4 34. Rxc4 Rxc4 35. Kb3 Rc6 36. Bb4 f5 37. a4 Kf7 38. a5 Ke8 39. Ka4 Kd7 40.
Kb5 Kc7 41. Bc5 Kb7 42. f4 Rc8 43. a6+ Ka8 44. a7 Rd8 45. g4 Rh8 46. gxf5 exf5
47. Kb6 Rxh3 48. Bd6 Rh5 49. Be7 Rh7 50. Bg5 Rxa7 51. Kc6 Ra1 52. Kd6 Re1 53.
Kc7 Ka7 54. Bh6 Rh1 55. Bg5 Ka6 56. Kd6 Re1 57. Kc6 Ka5 58. Kc5 Re4 59. Bd8+
Ka4 60. Bc7 Kb3 61. Be5 Kc2 62. Kd5 Kd3 63. Ke6 Rxe5+ 64. fxe5 f4 65. Kd6 f3
66. e6 f2 67. e7 f1=Q 68. e8=Q Qf4+ 69. Kc5 Qe3+ 70. Qxe3+ Kxe3 71. Kd5 g5 0-1

[Event "Ä13Â"]
[Site "Loo"]
[Date "2017.04.27"]
[Round "8.26"]
[White "Êîñòèíà, Àëåêñàíäðà."]
[Black "Ëåñíûõ, Æàííà."]
[Result "0-1"]
[WhiteElo "1442"]
[BlackElo "1513"]
[PlyCount "60"]
[EventDate "2017.04.20"]

1. e4 c5 2. c3 d6 3. d4 Nf6 4. Bb5+ Bd7 5. Bxd7+ Qxd7 6. Nd2 Nc6 7. Ngf3 cxd4
8. cxd4 g6 9. O-O Bg7 10. Re1 Rc8 11. b3 Nb4 12. Ba3 Nc2 13. e5 Nxe1 14. Qxe1
dxe5 15. Nxe5 Qe6 16. d5 Nxd5 17. Ndf3 O-O 18. Rd1 Bxe5 19. Qxe5 Qxe5 20. Nxe5
Rfd8 21. h3 f6 22. Nf3 e5 23. Ne1 Kf7 24. Rd2 Nf4 25. Rb2 Rd1 26. Kf1 Nd3 27.
Re2 Rxe1+ 28. Rxe1 Nxe1 29. Kxe1 Rc2 30. Bc5 Rxc5 0-1

[Event "Ä13Â"]
[Site "Loo"]
[Date "2017.04.27"]
[Round "8.27"]
[White "Þñóïîâà, Ýëèíà."]
[Black "Ëîñåâà, Ìàðãàðèòà."]
[Result "1/2-1/2"]
[WhiteElo "1481"]
[BlackElo "1439"]
[PlyCount "96"]
[EventDate "2017.04.20"]

1. e4 e5 2. Nf3 Nc6 3. Bb5 a6 4. Bxc6 dxc6 5. O-O Qd6 6. Nc3 c5 7. Nd5 Be6 8.
Re1 f6 9. Ne3 Ne7 10. c3 Nc6 11. b3 Rd8 12. Bb2 Qd3 13. Qb1 Qxb1 14. Raxb1 b5
15. h3 g6 16. Red1 Kf7 17. d4 cxd4 18. cxd4 exd4 19. Nxd4 Nxd4 20. Bxd4 Bd6 21.
Rbc1 Rhe8 22. Nd5 Bxd5 23. exd5 Re2 24. a4 bxa4 25. bxa4 Ra2 26. Bc5 Be5 27.
Bd4 Bd6 28. Bc5 Be5 29. Bd4 Bd6 30. Rc4 Rb8 31. Bc5 Be5 32. Bd4 Bd6 33. Rdc1
Rb7 34. g3 f5 35. Bc5 Ke7 36. Re1+ Kd7 37. Bxd6 cxd6 38. Rec1 Rd2 39. Rh4 h5
40. g4 fxg4 41. hxg4 Rxd5 42. gxh5 Rxh5 43. Rg4 Rh6 44. Re1 Rb3 45. Kg2 Rd3 46.
Rb1 Rd5 47. Rb6 a5 48. Rb7+ Ke6 1/2-1/2

[Event "Ä13Â"]
[Site "Loo"]
[Date "2017.04.27"]
[Round "8.28"]
[White "Ñòàêèíà, Ìåëèññà."]
[Black "Àáðàìîâà, Òàòüÿíà."]
[Result "1/2-1/2"]
[WhiteElo "1429"]
[BlackElo "1508"]
[PlyCount "157"]
[EventDate "2017.04.20"]

1. d4 d5 2. Bf4 c5 3. dxc5 Nc6 4. Nf3 f6 5. e3 e5 6. Bg3 Bxc5 7. Be2 Nge7 8. h3
Bf5 9. c3 O-O 10. O-O Rc8 11. Nbd2 Qc7 12. Nb3 Bd6 13. Qd2 Kh8 14. Rfd1 Rfd8
15. Rac1 Qb6 16. Nh4 Be6 17. Nf3 Bf5 18. Bf1 Na5 19. Nxa5 Qxa5 20. a3 Qb6 21.
Qe2 a6 22. Rd2 Bc7 23. c4 dxc4 24. Rxc4 Rxd2 25. Qxd2 Rd8 26. Qc1 Nc6 27. e4
Be6 28. Rc3 Bd6 29. Bc4 Bxc4 30. Rxc4 Be7 31. b4 Rd3 32. Rc3 Qd8 33. Rxd3 Qxd3
34. Nd2 h6 35. f3 a5 36. bxa5 Bxa3 37. Qd1 Nxa5 38. Be1 Bc5+ 39. Kh2 Nc6 40.
Qa1 Qa3 41. Qb1 Qb4 42. Nb3 Qb6 43. Qc2 Be7 44. Bf2 Qb5 45. Kg1 Qa4 46. Qc3 Qb4
47. Qc2 Bd8 48. Nc5 Bb6 49. Nd3 Bxf2+ 50. Qxf2 Qd4 51. Nc5 b6 52. Qxd4 Nxd4 53.
Na6 Kg8 54. Kf2 Kf7 55. Ke3 Ke6 56. Kd3 Kd6 57. f4 b5 58. g4 Nc6 59. f5 Nd4 60.
Kc3 Ne2+ 61. Kb4 Ng1 62. Nc5 Ke7 63. Nd3 Nxh3 64. Kxb5 Ng5 65. Nf2 Nf3 66. Kc4
Nh4 67. Kd3 g6 68. Ke3 gxf5 69. exf5 Ng2+ 70. Kf3 Nf4 71. Ke4 h5 72. gxh5 Nxh5
73. Kf3 Kf7 74. Ng4 Kg7 75. Kg2 Kf7 76. Kf3 Ke7 77. Ke4 Ng3+ 78. Kd5 Nxf5 79.
Nxe5 1/2-1/2

[Event "Ä13Â"]
[Site "Loo"]
[Date "2017.04.27"]
[Round "8.20"]
[White "Áîðîäêèíà, Ñîôèÿ."]
[Black "Íèêîëàåâà, Íàäåæäà."]
[Result "1-0"]
[WhiteElo "1576"]
[BlackElo "1611"]
[PlyCount "83"]
[EventDate "2017.04.20"]

1. e4 c5 2. d4 cxd4 3. c3 Nf6 4. e5 Nd5 5. cxd4 Nc6 6. Nf3 d6 7. Bc4 e6 8. O-O
Be7 9. Bxd5 exd5 10. Nc3 dxe5 11. dxe5 Be6 12. Be3 O-O 13. Qd2 Qd7 14. Rfd1
Rfd8 15. Rac1 Rac8 16. h3 Qc7 17. Nb5 Qb8 18. Bf4 a6 19. Nd6 Rc7 20. Qe3 Rcd7
21. Ng5 Bxd6 22. exd6 Re8 23. Qd3 g6 24. Qg3 Qd8 25. Re1 Nd4 26. Qh4 h5 27. Be5
Nf5 28. Qf4 f6 29. Nxe6 Rxe6 30. Bc3 Rxe1+ 31. Rxe1 Rxd6 32. Rd1 d4 33. Bb4 Rd5
34. Qe4 Kf7 35. Re1 Qd7 36. Rc1 Qe6 37. Qf4 Rd7 38. Qb8 Qb6 39. Qf8+ Ke6 40.
Re1+ Kd5 41. Qg8+ Kc6 42. Qc4+ 1-0

[Event "Ä15Ï"]
[Site "Loo"]
[Date "2017.04.27"]
[Round "8.1"]
[White "Ìîèñååâà, Îëåñÿ."]
[Black "Ãðóíèíà, Ìàðãàðèòà."]
[Result "1-0"]
[WhiteElo "1695"]
[BlackElo "1678"]
[PlyCount "91"]
[EventDate "2017.04.20"]

1. d4 d5 2. Bf4 Nf6 3. Nf3 e6 4. e3 Be7 5. Bd3 O-O 6. Nbd2 Nbd7 7. c3 c5 8. Ne5
Nxe5 9. dxe5 Nd7 10. g4 f6 11. g5 f5 12. h4 g6 13. h5 Rf7 14. Qf3 Rg7 15. hxg6
hxg6 16. Qg3 c4 17. Bc2 b5 18. Rh6 Nf8 19. a3 Kf7 20. Nf3 Bc5 21. Rd1 Qc7 22.
Nd4 Bxd4 23. Rxd4 Bb7 24. f3 Rd8 25. Qf2 Ke8 26. Bg3 Qe7 27. Bh4 a5 28. e4 b4
29. axb4 axb4 30. exf5 exf5 31. f4 bxc3 32. bxc3 Qa3 33. Qe3 Ne6 34. Rd1 Ke7
35. Bf2 Qb2 36. Rb1 Qxc2 37. Rxb7+ Rd7 38. Qa7 Qc1+ 39. Ke2 Qc2+ 40. Kf1 Qd3+
41. Kg2 Qe4+ 42. Kg1 Ke8 43. Rh8+ Nf8 44. Qb8+ Rd8 45. Rxf8+ Kxf8 46. Qxd8# 1-0

[Event "Ä15Ï"]
[Site "Loo"]
[Date "2017.04.27"]
[Round "8.2"]
[White "Êîìáàð, Ìàðèÿ."]
[Black "Øóáèíà, Åêàòåðèíà."]
[Result "1/2-1/2"]
[WhiteElo "1528"]
[BlackElo "1692"]
[PlyCount "102"]
[EventDate "2017.04.20"]

1. e4 c5 2. Nf3 g6 3. d4 cxd4 4. Nxd4 Bg7 5. Nc3 Nc6 6. Be3 Nf6 7. Be2 O-O 8.
Qd2 d5 9. exd5 Nxd5 10. Nxd5 Qxd5 11. Bf3 Qc4 12. Nxc6 bxc6 13. c3 Bf5 14. Be2
Qd5 15. Qxd5 cxd5 16. O-O-O Rfd8 17. Bd3 Be6 18. Bc2 Rdb8 19. Bb3 Rb5 20. Bd4
a5 21. Bxg7 Kxg7 22. Rd4 Rab8 23. Rhd1 R8b6 24. R1d2 Rd6 25. Bc2 f6 26. b4 axb4
27. cxb4 Rdb6 28. a3 Rd6 29. Bb3 Bf7 30. a4 Rb8 31. Bxd5 Bxd5 32. Rxd5 Rxb4 33.
Rxd6 exd6 34. Rxd6 Rxa4 35. Kd2 g5 36. Ke3 Kg6 37. Rd4 Ra3+ 38. Rd3 Ra2 39. Rd2
Rxd2 40. Kxd2 Kf5 41. Ke3 Ke5 42. g4 f5 43. gxf5 Kxf5 44. Kf3 h5 45. h4 g4+ 46.
Kg3 Ke4 47. Kg2 Kf4 48. Kg1 Kf3 49. Kf1 Ke4 50. Kg2 Kf4 51. Kg1 Ke4 1/2-1/2

[Event "Ä15Ï"]
[Site "Loo"]
[Date "2017.04.27"]
[Round "8.3"]
[White "Ëûñåíêî, Îëåñÿ."]
[Black "Êîðîáèöûíà, Îëåñÿ."]
[Result "0-1"]
[WhiteElo "1500"]
[BlackElo "1769"]
[PlyCount "110"]
[EventDate "2017.04.20"]

1. e4 g6 2. d4 Bg7 3. Nc3 d6 4. Nf3 a6 5. Bc4 e6 6. Be3 Ne7 7. Qd2 h6 8. h4 Nd7
9. g4 b5 10. Bd3 Bb7 11. h5 g5 12. Nh2 c5 13. dxc5 Nxc5 14. Bxc5 dxc5 15. O-O-O
Qa5 16. Bxb5+ axb5 17. Qd7+ Kf8 18. Qxb7 b4 19. Qb5 Bxc3 20. Qxa5 Rxa5 21. bxc3
bxc3 22. Rd8+ Kg7 23. Rxh8 Kxh8 24. Kb1 Rb5+ 25. Ka1 Rb2 26. Rc1 Nc6 27. Nf1
Nb4 28. Ne3 Rxa2+ 29. Kb1 Rb2+ 30. Ka1 Kg7 31. f3 Kf6 32. e5+ Ke7 33. Rd1 Nxc2+
34. Nxc2 Rxc2 35. Kb1 Rd2 36. Rc1 c2+ 37. Kb2 Rf2 38. Kc3 Rxf3+ 39. Kxc2 Rg3
40. Kd2 Rxg4 41. Rxc5 Rh4 42. Ke3 Rxh5 43. Rc8 Rh3+ 44. Ke4 h5 45. Rg8 Rg3 46.
Rh8 h4 47. Rh7 Rg1 48. Rh8 Re1+ 49. Kd4 Rg1 50. Ke4 Rg3 51. Rh7 h3 52. Rh5 g4
53. Kf4 Rg2 54. Rh8 h2 55. Kg5 g3 0-1

[Event "Ä15Ï"]
[Site "Loo"]
[Date "2017.04.27"]
[Round "8.4"]
[White "Ñàôðîíîâà, Àëåêñàíäðà."]
[Black "Ñåëåçíåâà, Åêàòåðèíà."]
[Result "1-0"]
[WhiteElo "1749"]
[BlackElo "1845"]
[PlyCount "139"]
[EventDate "2017.04.20"]

1. e4 e5 2. Nf3 Nc6 3. Bb5 f5 4. Nc3 Nf6 5. Bxc6 dxc6 6. O-O fxe4 7. Ng5 Bf5 8.
Qe2 Bc5 9. Qc4 Qe7 10. Ngxe4 Bb6 11. h3 O-O-O 12. Qe2 g5 13. d3 h6 14. a4 a6
15. Ng3 Bd7 16. Be3 g4 17. h4 Nd5 18. Bxb6 cxb6 19. Nce4 Qxh4 20. Nd6+ Kb8 21.
Nf7 Rhe8 22. Nxd8 Qxd8 23. c4 Nf4 24. Qe3 Qf6 25. Qxb6 h5 26. Rfe1 Nxd3 27.
Red1 Bf5 28. Ra3 e4 29. Rb3 Bc8 30. Nxe4 Rxe4 31. Rbxd3 Qe6 32. Re3 Qxc4 33.
Rxe4 Qxe4 34. a5 h4 35. Qd8 h3 36. Qd6+ Ka8 37. gxh3 gxh3 38. Qg3 Qf5 39. Rd8
Ka7 40. Qe3+ c5 41. Qg3 Qb1+ 42. Kh2 Qf5 43. Re8 Qd7 44. Qe5 Ka8 45. Rg8 Qc6
46. Qe7 Ka7 47. Qd8 Kb8 48. b3 Qe6 49. Qxc8+ Qxc8 50. Rxc8+ Kxc8 51. Kxh3 Kc7
52. Kg4 Kc6 53. f4 Kb5 54. f5 Kxa5 55. f6 Kb4 56. f7 Kxb3 57. f8=Q c4 58. Qf7
b5 59. Qb7 c3 60. Qxa6 c2 61. Qe6+ Kb2 62. Qe5+ Ka2 63. Qc3 Kb1 64. Qb3+ Kc1
65. Kf3 Kd2 66. Qe3+ Kd1 67. Qd3+ Kc1 68. Ke3 b4 69. Qb3 Kd1 70. Kd3 1-0

[Event "Ä15Ï"]
[Site "Loo"]
[Date "2017.04.27"]
[Round "8.5"]
[White "Ñòðóêîâà, Êñåíèÿ."]
[Black "Ëàðèíà, Òàòüÿíà."]
[Result "1/2-1/2"]
[WhiteElo "1762"]
[BlackElo "1738"]
[PlyCount "112"]
[EventDate "2017.04.20"]

1. e4 e6 2. d4 d5 3. Nc3 Nf6 4. e5 Nfd7 5. f4 c5 6. Nf3 Nc6 7. Be3 Be7 8. Qd2
O-O 9. O-O-O c4 10. g4 b5 11. f5 b4 12. Ne2 Qa5 13. Kb1 c3 14. Qc1 cxb2 15.
Qxb2 Nb6 16. Nc1 Na4 17. Nb3 Nxb2 18. Nxa5 Nxd1 19. Nxc6 Nxe3 20. Nxe7+ Kh8 21.
Bd3 Bd7 22. Rg1 a6 23. Rg3 Nd1 24. f6 Nf2 25. Ng5 h6 26. Nh3 Nxd3 27. Rxd3 Rfe8
28. Nf4 Rxe7 29. fxe7 Re8 30. Rh3 Kg8 31. Nd3 a5 32. a3 bxa3 33. Nc5 Rxe7 34.
Rxa3 a4 35. Nxd7 Rxd7 36. Rxa4 Rb7+ 37. Kc1 Rc7 38. Kd2 Kh7 39. Ra3 Rc4 40. Kd3
Kg6 41. Ra1 Kg5 42. Ra7 Kg6 43. h4 Rc6 44. c3 Rc4 45. h5+ Kg5 46. Rxf7 Kxg4 47.
Rxg7+ Kxh5 48. Rf7 Kg5 49. Rg7+ Kh5 50. Rf7 Kg5 51. Rf6 Rc6 52. c4 dxc4+ 53.
Kc3 h5 54. d5 Rc5 55. Rxe6 Rxd5 56. Kxc4 Rd8 1/2-1/2

[Event "Ä15Ï"]
[Site "Loo"]
[Date "2017.04.27"]
[Round "8.6"]
[White "Ñëåñàðåâà, Ìèðàñëàâà."]
[Black "Êóäðÿâöåâà, Ìàðèÿ."]
[Result "1/2-1/2"]
[WhiteElo "1725"]
[BlackElo "1758"]
[PlyCount "89"]
[EventDate "2017.04.20"]

1. d4 b5 2. e4 a6 3. Nf3 Bb7 4. Bd3 e6 5. O-O Nf6 6. Re1 c5 7. c3 Be7 8. a4 b4
9. e5 Ng8 10. Nbd2 d6 11. exd6 Bxd6 12. Ne4 cxd4 13. cxd4 Ne7 14. Bd2 Ng6 15.
Qb3 Be7 16. Neg5 Bd5 17. Bc4 Nc6 18. Bxd5 Qxd5 19. Qxd5 exd5 20. Rac1 Rc8 21.
Bxb4 f6 22. Bxe7 Ngxe7 23. Ne6 Kf7 24. Nc5 a5 25. g4 Rb8 26. b3 Rb4 27. Red1
Rc8 28. Kf1 Ng6 29. Rc3 Nf8 30. Nd3 Rb6 31. Rdc1 Ne6 32. Kg2 Ke7 33. Kg3 Kd6
34. Rd1 Rcb8 35. Nc5 Rc8 36. Nxe6 Kxe6 37. Nh4 g6 38. f4 Kd6 39. Rdd3 Re8 40.
Nf3 Rb4 41. Rc1 Re4 42. Rdc3 Rb6 43. Rd3 Rb4 44. Rdc3 Rb6 45. Rd3 1/2-1/2

[Event "Ä15Ï"]
[Site "Loo"]
[Date "2017.04.27"]
[Round "8.7"]
[White "Íàñûáóëëèíà, Äàÿíà."]
[Black "Êðåíäÿñåâà, Âàëåðèÿ."]
[Result "1/2-1/2"]
[WhiteElo "1786"]
[BlackElo "1670"]
[PlyCount "96"]
[EventDate "2017.04.20"]

1. e4 e5 2. Nf3 Nc6 3. Bb5 a6 4. Ba4 Nf6 5. Nc3 d6 6. O-O b5 7. Bb3 Be7 8. d3
O-O 9. Nd5 Na5 10. Nxe7+ Qxe7 11. c3 Nxb3 12. axb3 h6 13. h3 c5 14. Re1 Bb7 15.
Nh4 Rfd8 16. Nf5 Qc7 17. c4 Bc8 18. Ne3 Be6 19. Bd2 b4 20. Nd5 Nxd5 21. cxd5
Bd7 22. f4 f5 23. fxe5 dxe5 24. Be3 f4 25. Bf2 Qd6 26. Qc2 Qg6 27. Kh2 Rdc8 28.
Rac1 f3 29. Be3 Qh5 30. Qf2 fxg2 31. Qxg2 Bb5 32. Rg1 Rc7 33. Rxc5 Rf7 34. d4
Re8 35. d6 Kh7 36. Rc7 Bd7 37. d5 Ra8 38. Rc2 Raf8 39. Qg3 Rg8 40. Rf2 Rgf8 41.
Rgg2 Bc8 42. h4 Bd7 43. Rxf7 Rxf7 44. Rf2 Rxf2+ 45. Qxf2 Qg4 46. Qg3 Qe2+ 47.
Qf2 Qg4 48. Qg3 Qe2+ 1/2-1/2

[Event "Ä15Ï"]
[Site "Loo"]
[Date "2017.04.27"]
[Round "8.8"]
[White "ßêóøèíà, Åêàòåðèíà."]
[Black "Øàìñóòäèíîâà, Êàðèíà."]
[Result "1-0"]
[WhiteElo "1744"]
[BlackElo "1617"]
[PlyCount "135"]
[EventDate "2017.04.20"]

1. d4 Nf6 2. c4 g6 3. Nc3 Bg7 4. e4 d6 5. Nf3 O-O 6. Be2 e5 7. d5 a5 8. Bg5 h6
9. Be3 Ng4 10. Bc1 Na6 11. g3 Nf6 12. Be3 Bh3 13. Bf1 Bxf1 14. Kxf1 Nd7 15. g4
Ndc5 16. h3 Qd7 17. b3 f5 18. gxf5 gxf5 19. exf5 Qxf5 20. Nh4 Qf6 21. Qg4 e4
22. Rd1 h5 23. Qxh5 Qxc3 24. Nf5 Rxf5 25. Qxf5 Rf8 26. Qg5 Nd3 27. Kg2 Nxf2 28.
Bxf2 Qf3+ 29. Kh2 Qxf2+ 30. Qg2 Qxg2+ 31. Kxg2 e3 32. Rhf1 Re8 33. Rde1 Nc5 34.
Kf3 Bh6 35. Ke2 Ne4 36. Rg1+ Kf7 37. Ref1+ Nf2 38. Rg4 Kf6 39. h4 Kf5 40. Rg3
Bf4 41. Rg7 Re4 42. Rxc7 Rd4 43. Re7 Bh6 44. Rxe3 Bxe3 45. Kxe3 Rxh4 46. Rxf2+
Kg6 47. Kd3 Rh3+ 48. Kc2 Kg7 49. Kb2 b6 50. Ka3 Rh8 51. Ka4 Rc8 52. Kb5 Rb8 53.
Kc6 Kg6 54. Kxd6 Ra8 55. Kc6 a4 56. Kxb6 axb3 57. axb3 Rb8+ 58. Kc7 Rxb3 59. d6
Rc3 60. d7 Rxc4+ 61. Kd6 Rd4+ 62. Kc6 Rd1 63. Rf8 Rc1+ 64. Kb5 Rb1+ 65. Kc4
Rc1+ 66. Kb3 Rd1 67. d8=Q Rxd8 68. Rxd8 1-0

[Event "Ä15Ï"]
[Site "Loo"]
[Date "2017.04.27"]
[Round "8.9"]
[White "Ìàðêîâà, Àííà."]
[Black "Íèêîëàåâà, Êñåíèÿ."]
[Result "1/2-1/2"]
[WhiteElo "1553"]
[BlackElo "1743"]
[PlyCount "119"]
[EventDate "2017.04.20"]

1. c4 c6 2. d4 d5 3. cxd5 cxd5 4. Nc3 Nc6 5. Nf3 Nf6 6. Bf4 a6 7. e3 Bg4 8. Be2
e6 9. O-O Be7 10. Qb3 Bxf3 11. Bxf3 Qd7 12. Rac1 O-O 13. Na4 Na5 14. Qd1 Bd8
15. Nc5 Qb5 16. Qe2 Qb6 17. Be5 Re8 18. b4 Qxb4 19. Rb1 Qc4 20. Nxb7 Qxe2 21.
Bxe2 Nxb7 22. Rxb7 Ne4 23. Rc1 Ba5 24. Rc2 h6 25. Bd3 Rec8 26. Rxc8+ Rxc8 27.
Rb8 Rxb8 28. Bxb8 Be1 29. Kf1 Bb4 30. Bxa6 Nc3 31. Ba7 Nxa2 32. Bc5 Ba5 33. Bd3
Nb4 34. Bb1 Na6 35. Bd6 Nc7 36. Bd3 Ne8 37. Bc5 Nf6 38. f3 Bc7 39. g3 h5 40.
Be7 h4 41. Bxf6 gxf6 42. Kf2 hxg3+ 43. hxg3 Kg7 44. f4 e5 45. Bc2 exd4 46. exd4
Kf8 47. Bb3 Ke7 48. Bxd5 Bd6 49. f5 Bb4 50. Kf3 Bc3 51. Ke4 Be1 52. g4 Bg3 53.
Bc4 Bd6 54. Kd5 Bf4 55. Kc6 Be3 56. d5 Bf4 57. d6+ Bxd6 58. Bxf7 Be5 59. Be6
Bf4 60. Bd5 1/2-1/2